[Event "DVM U16 2019"]
[Site "Magdeburg GER"]
[Date "2019.12.29"]
[Round "6"]
[White "Leitherer, Johannes"]
[Black "Burian, Simon"]
[Result "0-1"]
[Termination "normal"]
[Board "9.1"]
[WhiteElo "1833"]
[BlackElo "2149"]
[WhiteTeam "Stuttgarter SF 1879"]
[BlackTeam "Schachklub König Plauen"]
[PlyCount "100"]
[WhiteFideId "16261593"]
[BlackFideId "12956902"]
[EventCountry "GER"]
[EventRounds "7"]
[EventType "team-swiss"]
[EventDate "2019.12.26"]

1. e4 c5 2. Nf3 d6 3. d4 cxd4 4. Nxd4 Nf6 5. Nc3 a6 6. Be2 e5 7. Nb3 Be6 8. O-O
Be7 9. Be3 O-O 10. f4 exf4 11. Bxf4 Nc6 12. Kh1 b5 13. Bf3 Ne5 14. Nd4 Rc8 15.
Nd5 Bxd5 16. exd5 Qd7 17. Ne2 Rfe8 18. c3 Bd8 19. h3 Rc5 20. Be3 Rc4 21. Bd4
Qb7 22. Bg1 Nxf3 23. Rxf3 Rce4 24. Ng3 R4e5 25. Rd3 Bb6 26. Bxb6 Qxb6 27. Qd2
Qc5 28. Rd1 h6 29. Kh2 Rg5 30. Re1 Rxe1 31. Qxe1 Rxd5 32. Rxd5 Qxd5 33. Qe7 h5
34. Ne2 Qxa2 35. Qxd6 Qxb2 36. Qd8+ Kh7 37. Qd3+ g6 38. Qf3 Kg7 39. Ng3 b4 40.
cxb4 Qxb4 41. Ne2 Qe4 42. Qf2 a5 43. Nc1 h4 44. Na2 a4 45. Qb2 Qf4+ 46. Kh1 Kh7
47. Nc3 Nh5 48. Ne2 Qf2 49. Qa2 Ng3+ 50. Kh2 Nxe2 0-1

[Event "DVM U16 2019"]
[Site "Magdeburg GER"]
[Date "2019.12.29"]
[Round "6"]
[White "Pivtorak, Illia"]
[Black "Alkabetz, Michael"]
[Result "1-0"]
[Termination "normal"]
[Board "9.2"]
[WhiteElo "1491"]
[BlackElo "1644"]
[WhiteTeam "Schachklub König Plauen"]
[BlackTeam "Stuttgarter SF 1879"]
[PlyCount "41"]
[WhiteFideId "14194317"]
[BlackFideId "16261577"]
[EventCountry "GER"]
[EventRounds "7"]
[EventType "team-swiss"]
[EventDate "2019.12.26"]

1. d4 Nf6 2. Bf4 e6 3. e3 c5 4. c3 Nc6 5. Nf3 d6 6. Nbd2 g6 7. Be2 Bg7 8. O-O
O-O 9. h3 Nd7 10. Bxd6 Re8 11. dxc5 e5 12. b4 e4 13. Nd4 f5 14. Qb3+ Kh8 15.
Nb5 Nde5 16. Nc7 Re7 17. Nxa8 Be6 18. Bxe7 Qxd2 19. Qxe6 Nxe7 20. Rad1 Nf3+ 21.
gxf3 1-0

[Event "DVM U16 2019"]
[Site "Magdeburg GER"]
[Date "2019.12.29"]
[Round "6"]
[White "Bantchev, Malte"]
[Black "Hörkner, Nico"]
[Result "1/2-1/2"]
[Termination "normal"]
[Board "9.3"]
[WhiteElo "1480"]
[BlackElo "1699"]
[WhiteTeam "Stuttgarter SF 1879"]
[BlackTeam "Schachklub König Plauen"]
[PlyCount "57"]
[WhiteFideId "16288882"]
[BlackFideId "12974900"]
[EventCountry "GER"]
[EventRounds "7"]
[EventType "team-swiss"]
[EventDate "2019.12.26"]

1. d4 Nf6 2. c4 e6 3. Nf3 b6 4. g3 Bb7 5. Bg2 Be7 6. Nc3 O-O 7. O-O d6 8. Re1
c5 9. d5 e5 10. e4 Ne8 11. Bh3 Bc8 12. Bxc8 Qxc8 13. a3 h6 14. b4 cxb4 15. axb4
Qxc4 16. Qc2 Nf6 17. b5 Rc8 18. Bd2 Nbd7 19. Ra4 Qc7 20. Rc1 Nc5 21. Rc4 Qd7
22. Be3 Rc7 23. Bxc5 bxc5 24. Ra1 Rb7 25. Rca4 Bd8 26. Nd2 Bb6 27. Nc4 Qc7 28.
Qa2 Nd7 29. Kg2 1/2-1/2

[Event "DVM U16 2019"]
[Site "Magdeburg GER"]
[Date "2019.12.29"]
[Round "6"]
[White "Elstner, Florian"]
[Black "Zhang, Guo Hong"]
[Result "1/2-1/2"]
[Termination "normal"]
[Board "9.4"]
[WhiteElo "1487"]
[BlackElo "1217"]
[WhiteTeam "Schachklub König Plauen"]
[BlackTeam "Stuttgarter SF 1879"]
[PlyCount "54"]
[WhiteFideId "16247264"]
[BlackFideId "16288890"]
[EventCountry "GER"]
[EventRounds "7"]
[EventType "team-swiss"]
[EventDate "2019.12.26"]

1. d4 Nf6 2. c4 e6 3. Nc3 Be7 4. Bf4 O-O 5. e3 Nc6 6. Bd3 Nb4 7. Bb1 d5 8. a3
Nc6 9. cxd5 exd5 10. Nb5 Bd6 11. Nxd6 cxd6 12. Ne2 Bg4 13. O-O Rc8 14. h3 Be6
15. Qd3 Ne7 16. Ba2 Qb6 17. Qb3 Qxb3 18. Bxb3 Ne4 19. Rfd1 Ng6 20. Bh2 Rfd8 21.
Rac1 Rxc1 22. Rxc1 Nd2 23. Ba4 Nc4 24. b3 Nxa3 25. Ra1 Nc2 26. Rc1 Na3 27. Ra1
Nc2 1/2-1/2

[Event "DVM U16 2019"]
[Site "Magdeburg GER"]
[Date "2019.12.29"]
[Round "6"]
[White "Kamp, Adrian"]
[Black "Pikalow, Michael"]
[Result "1/2-1/2"]
[Termination "normal"]
[Board "10.1"]
[WhiteElo "1884"]
[BlackElo "1849"]
[WhiteTeam "Schachklub Münster 32 e. V."]
[BlackTeam "USC Magdeburg"]
[PlyCount "98"]
[WhiteFideId "16222466"]
[BlackFideId "16227638"]
[EventCountry "GER"]
[EventRounds "7"]
[EventType "team-swiss"]
[EventDate "2019.12.26"]

1. e4 c5 2. d4 cxd4 3. c3 Nf6 4. e5 Nd5 5. Nf3 Nc6 6. Bc4 Nb6 7. Bb3 Na5 8.
cxd4 Nxb3 9. Qxb3 d6 10. Nc3 e6 11. Bg5 Be7 12. Bxe7 Qxe7 13. Nb5 dxe5 14. dxe5
O-O 15. Nxa7 Qc5 16. Nb5 Bd7 17. Nc3 Bc6 18. O-O Nc4 19. Rfc1 Bxf3 20. gxf3
Nxe5 21. Ne4 Qe7 22. Qc3 Ng6 23. Qc7 Qh4 24. Qg3 Rfc8 25. Qxh4 Nxh4 26. Nd6
Rxc1+ 27. Rxc1 g5 28. a3 Ra6 29. Ne4 Nxf3+ 30. Kg2 g4 31. Nf6+ Kg7 32. Nxg4 Nd4
33. Ne5 Ra5 34. f4 Ne2 35. Rc4 Nxf4+ 36. Rxf4 Rxe5 37. Rb4 b5 38. Kf3 Kf8 39.
b3 Ke7 40. a4 bxa4 41. bxa4 Rh5 42. Kg3 Rf5 43. Rh4 h5 44. Rb4 Kd6 45. h4 Kc6
46. Rb8 Kc7 47. Rb4 f6 48. Re4 Kd6 49. Rb4 Kc6 1/2-1/2

[Event "DVM U16 2019"]
[Site "Magdeburg GER"]
[Date "2019.12.29"]
[Round "6"]
[White "Schiffner, Robin"]
[Black "Hungeling, David"]
[Result "0-1"]
[Termination "normal"]
[Board "10.2"]
[WhiteElo "1377"]
[BlackElo "1507"]
[WhiteTeam "USC Magdeburg"]
[BlackTeam "Schachklub Münster 32 e. V."]
[PlyCount "136"]
[WhiteFideId "16210328"]
[BlackFideId "16222440"]
[EventCountry "GER"]
[EventRounds "7"]
[EventType "team-swiss"]
[EventDate "2019.12.26"]

1. e4 e6 2. d4 d5 3. exd5 exd5 4. Bd3 Bd6 5. Nf3 Ne7 6. O-O c6 7. c3 O-O 8. Bg5
h6 9. Bh4 Qc7 10. Qc2 Be6 11. Nbd2 Qd7 12. Bg3 Bxg3 13. hxg3 Bf5 14. Rae1 Bxd3
15. Qxd3 Qf5 16. Qxf5 Nxf5 17. Re5 g6 18. Rfe1 Nd7 19. R5e2 Nb6 20. Nb3 Na4 21.
Ne5 Rfe8 22. Nd3 Rxe2 23. Rxe2 Rd8 24. Ndc5 Nxc5 25. Nxc5 b6 26. Nd3 Kf8 27.
Ne5 Rd6 28. Kf1 Re6 29. Nd3 Rxe2 30. Kxe2 Ne7 31. Kf3 Kg7 32. Kf4 f6 33. g4 g5+
34. Ke3 Kf7 35. Kd2 Ke6 36. Kc2 Ng6 37. g3 Ne7 38. Kb3 a5 39. Ka4 Nc8 40. b4
axb4 41. Kxb4 Nd6 42. Nb2 Ne4 43. Nd3 Nd2 44. a4 Nc4 45. Nc1 f5 46. gxf5+ Kxf5
47. Nb3 Ke4 48. a5 bxa5+ 49. Nxa5 Nxa5 50. Kxa5 Kd3 51. Kb6 h5 52. f4 gxf4 53.
gxf4 Ke4 54. Kc5 h4 55. Kxc6 h3 56. f5 h2 57. f6 h1=Q 58. Kd6 Qh5 59. Ke6 Qe8+
60. Kd6 Qf7 61. Kc5 Qxf6 62. c4 Qxd4+ 63. Kb5 Qxc4+ 64. Kb6 d4 65. Ka5 Qb3 66.
Ka6 Kd5 67. Ka7 Kc6 68. Ka8 Qb7# 0-1

[Event "DVM U16 2019"]
[Site "Magdeburg GER"]
[Date "2019.12.29"]
[Round "6"]
[White "John, Niklas"]
[Black "Rabenstein, Jonathan"]
[Result "1-0"]
[Termination "normal"]
[Board "10.3"]
[WhiteElo "1389"]
[BlackElo "1382"]
[WhiteTeam "Schachklub Münster 32 e. V."]
[BlackTeam "USC Magdeburg"]
[PlyCount "97"]
[WhiteFideId "16234626"]
[BlackFideId "16298462"]
[EventCountry "GER"]
[EventRounds "7"]
[EventType "team-swiss"]
[EventDate "2019.12.26"]

1. e4 e5 2. Nf3 Nc6 3. Bc4 Bc5 4. d3 Nf6 5. O-O d6 6. c3 Bg4 7. Re1 h6 8. Nbd2
Bb6 9. Nf1 Nh5 10. Ne3 Bxe3 11. Bxe3 Nf6 12. Qc2 Bxf3 13. gxf3 Qd7 14. Kg2
O-O-O 15. b4 g5 16. b5 Na5 17. Qa4 Nxc4 18. dxc4 b6 19. Qxa7 Qe6 20. Qa8+ Kd7
21. Qc6+ Kc8 22. Bxb6 Ne8 23. Ba7 d5 24. Qa8+ Kd7 25. Qxd5+ Qxd5 26. cxd5 Nd6
27. a4 Ra8 28. Be3 Rhg8 29. Reb1 Nc4 30. Rb4 Nxe3+ 31. fxe3 g4 32. f4 exf4 33.
exf4 Ra5 34. Kg3 h5 35. Rc4 Re8 36. Kh4 Rh8 37. e5 Kd8 38. Rc6 Rh7 39. d6 cxd6
40. Rxd6+ Kc7 41. c4 Kb7 42. c5 Kc8 43. c6 Kb8 44. b6 Kc8 45. Rad1 Rh8 46. c7
Kb7 47. Rd8 Rxd8 48. cxd8=Q Kc6 49. Qc7# 1-0

[Event "DVM U16 2019"]
[Site "Magdeburg GER"]
[Date "2019.12.29"]
[Round "6"]
[White "Weis, Oskar"]
[Black "Hartwig, Eric-Jordan"]
[Result "0-1"]
[Termination "normal"]
[Board "10.4"]
[WhiteElo "1155"]
[BlackElo "1170"]
[WhiteTeam "USC Magdeburg"]
[BlackTeam "Schachklub Münster 32 e. V."]
[PlyCount "88"]
[WhiteFideId "16298470"]
[BlackFideId "16298454"]
[EventCountry "GER"]
[EventRounds "7"]
[EventType "team-swiss"]
[EventDate "2019.12.26"]

1. e4 c5 2. Nc3 Nc6 3. f4 d6 4. Nf3 f5 5. Bb5 Nf6 6. Bxc6+ bxc6 7. e5 Ne4 8.
Nxe4 fxe4 9. Ng5 Bf5 10. e6 Bg6 11. f5 h6 12. Nf7 Bxf7 13. exf7+ Kxf7 14. Qh5+
Kg8 15. O-O Qe8 16. Qg4 d5 17. b3 h5 18. Qg5 Rh6 19. d3 Rf6 20. Bb2 e5 21. dxe4
dxe4 22. Rae1 Be7 23. Bxe5 Rg6 24. Qf4 Rg4 25. Qe3 Bh4 26. Bg3 Bxg3 27. hxg3
Qe5 28. Rf4 Rxf4 29. gxf4 Qxf5 30. Qxe4 Rf8 31. Qxf5 Rxf5 32. Rf1 c4 33. bxc4
Rc5 34. Rf2 Rxc4 35. Kh2 g6 36. Kh3 Kg7 37. g4 Rc3+ 38. Kh4 hxg4 39. Kxg4 Kf6
40. Rg2 a5 41. Rd2 c5 42. Rd6+ Kf7 43. Kg5 Rxc2 44. Rxg6 Rg2+ 0-1